Luyện thi chứng chỉ A tiếng Anh môn đọc hiểu
Nội dung giới thiệu 35 bài đọc hiểu và bài tập dùng cho luyện thi chứng chỉ Quốc gia môn tiếng Anh trình độ A.
Bewaard in:
| Hoofdauteur: | |
|---|---|
| Formaat: | Boek |
| Taal: | Undetermined |
| Gepubliceerd in: |
Đồng Nai
Nhà xuất bản Đồng Nai
2000
|
| Onderwerpen: | |
| Tags: |
Voeg label toe
Geen labels, Wees de eerste die dit record labelt!
|
| Thư viện lưu trữ: | Trung tâm Học liệu Trường Đại học Cần Thơ |
|---|
| LEADER | 00874nam a2200217Ia 4500 | ||
|---|---|---|---|
| 001 | CTU_36902 | ||
| 008 | 210402s9999 xx 000 0 und d | ||
| 020 | |b 15.000đ | ||
| 082 | |a 428.24 | ||
| 082 | |b Ph561A | ||
| 100 | |a Nguyễn, Hà Phương | ||
| 245 | 0 | |a Luyện thi chứng chỉ A tiếng Anh môn đọc hiểu | |
| 245 | 0 | |c Nguyễn Hà Phương | |
| 260 | |a Đồng Nai | ||
| 260 | |b Nhà xuất bản Đồng Nai | ||
| 260 | |c 2000 | ||
| 520 | |a Nội dung giới thiệu 35 bài đọc hiểu và bài tập dùng cho luyện thi chứng chỉ Quốc gia môn tiếng Anh trình độ A. | ||
| 650 | |a English language,English language,Readers,Reading | ||
| 650 | |x Study and teaching,Textbooks for foreign speakers | ||
| 904 | |i Minh, 000612 | ||
| 980 | |a Trung tâm Học liệu Trường Đại học Cần Thơ | ||